banner-ar

الشركات المتعددة الجنسيات : الاقتصاد السياسى للاستثمارالمباشر الاجنبى / (Record no. 32289)

MARC details
000 -الفاتح
حقل البيانات ثابتة الطول 00817nam a2200229Ia 4500
008 - عناصر البيانات ثابتة الطول - معلومات عامة
حقل البيانات ثابتة الطول 140319s9999 xx 000 0 ara d
040 ## - مصدر الفهرسة
وكالة الفهرسة الأصلية GCL /
وكالة النسخ GCL
082 04 - رقم تصنيف ديوى العشرى
رقم التصنيف 338.8
رقم المادة م ش
100 1# - المدخل الرئيسى - إسم شخصى
الإسم الشخصى جورج خورى (مترجم)
245 10 - بيان العنوان
العنوان الشركات المتعددة الجنسيات : الاقتصاد السياسى للاستثمارالمباشر الاجنبى /
بيان المسئوليه,etc جورج خورى (مترجم)
700 1# - المدخل الاضافى - اسم شخصى
الإسم الشخصى هوكستشايلد، ارلى
700 1# - المدخل الاضافى - اسم شخصى
الإسم الشخصى موران، ثيودور
700 1# - المدخل الاضافى - اسم شخصى
الإسم الشخصى منير لطفى
260 ## - PUBLICATION, DISTRIBUTION, ETC. (IMPRINT)
تاريخ النشر أو التوزيع 1994
300 ## - الوصف المادى
التعداد 407 ص
490 ## - بيان السلسلة
عنوان السلسلة
650 04 - المدخل الاضافى بالموضوع-مصطلح موضوعى
مصطلح موضوعي الشركات
650 04 - المدخل الاضافى بالموضوع-مصطلح موضوعى
مصطلح موضوعي الاستثمارات الاجنبية
650 04 - المدخل الاضافى بالموضوع-مصطلح موضوعى
مصطلح موضوعي الشركات الاجنبية
942 ## - عناصر المدخل الإضافي( كوها)
مصدر التصنيف او مخطط الترفيف Dewey Decimal Classification
Koha [default] item type كتاب
260 ## - PUBLICATION, DISTRIBUTION, ETC. (IMPRINT)
-- [S.N] :
-- دار الفارس للنشر والتوزيع ،
Holdings
حالة التراجع حالة الفقد حالة تلف ليس للاعارة المكان المؤقت الموقع الحالى تاريخ الاكتساب اجمالي اﻻعارات رقم الطلب الباركود تاريخ اخر مشاهدة تاريخ تفعيل السعر نوع وعاء كوها
        مكتبة القاهرة الكبرى مكتبة القاهرة الكبرى 03/26/2014   338.8\م ش 76051 03/26/2014 03/26/2014 كتاب

Powered By

EGPV